Passion d'Orient /

محفوظ في:

المؤلف الرئيسي: Thieck, Jean-Pierre, 1949-1990 (مؤلف)

مؤلفون آخرون: Kepel, Gilles.

التنسيق: كتاب

اللغة: French

منشور في: Paris : Editions Karthala, c1992.

سلاسل: Collection "Hommes et sociétés"

الموضوعات:

الوسوم: إضافة وسم

لا توجد وسوم, كن أول من يضع وسما على هذه التسجيلة!

رقم الطلب: DS62.4 .T45 1992

LEADER 01018namaa2200289 4500
001 20838
003 OSt
005 20260127113446.0
008 130303s1992 fr a b 000 0 fre d
010 |a 95110993 
020 |c 286537386x 
040 |c ARCE Library 
043 |a aw----- 
050 4 |a DS62.4 .T45 1992 
100 1 |a Thieck, Jean-Pierre,  |d 1949-1990,  |e author  |9 41038 
245 1 0 |a Passion d'Orient /  |c Jean-Pierre Thieck (Michel Farrère) ; [édition présentée et établie par Gilles Kepel]. 
264 1 |a Paris :  |b Editions Karthala,  |c c1992. 
300 |a 240 pages :  |b illustrations ;  |c 25 cm. 
490 0 |a Collection "Hommes et sociétés" 
500 |a Collection of articles, essays, etc., most of which were previously published. 
504 |a "Bibliographie complète de J.-P. Thieck" : page [227]. 
504 |a Includes bibliographical references and index. 
651 0 |a Middle East  |x History  |y 1517- 
700 1 |a Kepel, Gilles.  |9 33762 
901 |a reviewed 
942 |c BK  |2 lcc 
999 |c 17268  |d 17268